000 00361nam a22001577a 4500
003 SGT
020 _a978-93-5025-563-6
082 _a617.5407
_bC17K
100 _aKARTHIKEYAN,D
245 _aCHEST X-RAY MADE EASY
250 _a2ND
260 _aNEW DELHI
_bTHE HEALTH SCIENCE, JAYPEE PUB
_c2017
300 _a216
650 _aAYURVEDA
942 _2ddc
_cBK
_013
999 _c14703
_d14703